ՀՀ Գիտությունների ազգային ակադեմիայի հիմնարար գիտական գրադարան  =   Fundamental Scientific Library of NAS RA

Լիակատար ցուցակ գրոց Մխիթարեան տպարանին (1716-1934). (Record no. 8408)

MARC details
000 -LEADER
fixed length control field 00590nam a2200169 a 4500
003 - CONTROL NUMBER IDENTIFIER
control field AM-YEHGA
005 - DATE AND TIME OF LATEST TRANSACTION
control field 20260121152610.0
008 - FIXED-LENGTH DATA ELEMENTS--GENERAL INFORMATION
fixed length control field 030329s1934 it |||||||||||||||||arm d
040 ## - CATALOGING SOURCE
Original cataloging agency AM-YeHGA
041 0# - LANGUAGE CODE
Language code of text/sound track or separate title arm
245 00 - TITLE STATEMENT
Title Լիակատար ցուցակ գրոց Մխիթարեան տպարանին (1716-1934).
260 ## - PUBLICATION, DISTRIBUTION, ETC.
Place of publication, distribution, etc. Վենետիկ :
Name of publisher, distributor, etc. Տպարան Ս. Ղազարու ,
Date of publication, distribution, etc. 1934.
300 ## - PHYSICAL DESCRIPTION
Extent 114 էջ
650 14 - SUBJECT ADDED ENTRY--TOPICAL TERM
Topical term or geographic name entry element Մատենագիտություն
856 4# - ELECTRONIC LOCATION AND ACCESS
Uniform Resource Identifier <a href="https://arar.sci.am/dlibra/publication/291940/edition/268071/content">https://arar.sci.am/dlibra/publication/291940/edition/268071/content</a>
Link text Կարդալ առցանց
942 ## - ADDED ENTRY ELEMENTS (KOHA)
Source of classification or shelving scheme Universal Decimal Classification
Koha item type Գրքեր / Books
Holdings
Withdrawn status Lost status Damaged status Not for loan Collection Home library Current library Date acquired Total checkouts Full call number Barcode Date last seen Price effective from Koha item type Public note Source of classification or shelving scheme
        General Fundamental Scientific Library Fundamental Scientific Library 21/12/2016   AI/15110 FL0055593 21/12/2016 21/12/2016 Գրքեր / Books 30 Days Loan  
        Pogharian Individual Collection Fundamental Scientific Library Fundamental Scientific Library 21/12/2016   Պող/788 FL0319234 21/12/2016 21/12/2016 Գրքեր / Books ILL Non-Circ. Universal Decimal Classification
        Zhamkochyan Individual collection Fundamental Scientific Library Fundamental Scientific Library 27/10/2025   Ժամ/846 FL0693202 27/10/2025 27/10/2025 Գրքեր / Books   Universal Decimal Classification


ՀՀ ԳԱԱ հիմնարար գիտական գրադարան
ՀՀ,Երևան 0019
Մարշալ Բաղրամյան 24/6
հեռախոս:(374-10) 52-47-50
Հետադարձ կապ

All site content, except where otherwise noted, is licensed under a
Creative Commons License